000 00319nam a22001457a 4500
008 210512b ||||| |||| 00| 0 eng d
020 _a9780131731233
041 _aeng
080 _a615
082 _a615
100 _a5
101 _aFAR
245 _aPharmacology for Nurses
_cMichael P. Adams
942 _2udc
_cBK
999 _c57295
_d57295